[Event "DEM U14w 2025"]
[Site "Willingen GER"]
[Date "2025.06.08"]
[Round "1"]
[White "Huang, Jasmin Shuya"]
[Black "Czäczine, Paula"]
[Result "0-1"]
[Termination "normal"]
[Board "1"]
[WhiteElo "1795"]
[BlackElo "1965"]
[WhiteClock "00:08:15"]
[BlackClock "00:16:27"]
[PlyCount "48"]
[WhiteFideId "533015694"]
[BlackFideId "16249305"]
[EventCountry "GER"]
[EventRounds "9"]
[EventType "swiss"]
[EventDate "2025.06.07"]

1. e4 {[%clk 01:30:58]} e5 {[%clk 01:30:55]} {[%emt 00:00:06]} 2. Nf3 {[%clk
01:31:22]} {[%emt 00:00:06]} Nc6 {[%clk 01:31:19]} {[%emt 00:00:06]} 3. Nc3
{[%clk 01:31:46]} {[%emt 00:00:05]} Nf6 {[%clk 01:31:40]} {[%emt 00:00:09]} 4.
d4 {[%clk 01:32:11]} {[%emt 00:00:05]} exd4 {[%clk 01:31:57]} {[%emt 00:00:14]}
5. Nxd4 {[%clk 01:32:37]} {[%emt 00:00:03]} Bb4 {[%clk 01:31:55]} {[%emt
00:00:32]} 6. Nxc6 {[%clk 01:32:56]} {[%emt 00:00:10]} bxc6 {[%clk 01:32:11]}
{[%emt 00:00:14]} 7. Qd4 {[%clk 01:33:18]} {[%emt 00:00:08]} Qe7 {[%clk
01:21:42]} {[%emt 00:11:00]} 8. f3 {[%clk 01:33:28]} {[%emt 00:00:20]} c5
{[%clk 01:10:15]} {[%emt 00:11:57]} 9. Qd3 {[%clk 01:27:41]} {[%emt 00:06:12]}
d5 {[%clk 01:04:26]} {[%emt 00:06:24]} 10. Bd2 {[%clk 01:10:24]} {[%emt
00:17:47]} dxe4 {[%clk 00:55:43]} {[%emt 00:09:14]} 11. Nxe4 {[%clk 00:49:33]}
{[%emt 00:21:20]} Bxd2+ {[%clk 00:50:38]} {[%emt 00:05:35]} 12. Kxd2 {[%clk
00:47:35]} {[%emt 00:02:27]} O-O {[%clk 00:48:18]} {[%emt 00:02:50]} 13. Kc1
{[%clk 00:42:42]} {[%emt 00:05:23]} Bf5 {[%clk 00:39:29]} {[%emt 00:09:19]} 14.
Nxf6+ {[%clk 00:39:13]} {[%emt 00:03:59]} Qxf6 {[%clk 00:39:49]} {[%emt
00:00:10]} 15. Qc4 {[%clk 00:37:39]} {[%emt 00:02:02]} Rfd8 {[%clk 00:34:42]}
{[%emt 00:05:39]} 16. g3 {[%clk 00:33:35]} {[%emt 00:04:34]} Qd6 {[%clk
00:26:35]} {[%emt 00:08:37]} 17. Qe2 {[%clk 00:30:41]} {[%emt 00:03:23]} c4
{[%clk 00:20:23]} {[%emt 00:06:43]} 18. Bg2 {[%clk 00:28:38]} {[%emt 00:02:32]}
c3 {[%clk 00:19:55]} {[%emt 00:00:58]} 19. Qe3 {[%clk 00:16:04]} {[%emt
00:13:03]} cxb2+ {[%clk 00:18:41]} {[%emt 00:01:45]} 20. Kxb2 {[%clk 00:16:21]}
{[%emt 00:00:13]} Qf6+ {[%clk 00:17:50]} {[%emt 00:01:21]} 21. c3 {[%clk
00:09:37]} {[%emt 00:07:14]} Rab8+ {[%clk 00:17:21]} {[%emt 00:00:58]} 22. Kc1
{[%clk 00:09:39]} {[%emt 00:00:28]} Rd3 {[%clk 00:16:52]} {[%emt 00:01:00]} 23.
Qe1 {[%clk 00:08:51]} {[%emt 00:01:17]} Rxc3+ {[%clk 00:16:34]} {[%emt
00:00:49]} 24. Kd1 {[%clk 00:08:15]} {[%emt 00:01:06]} Qd4+ {[%clk 00:16:27]}
{[%emt 00:00:37]} 0-1

[Event "DEM U14w 2025"]
[Site "Willingen GER"]
[Date "2025.06.08"]
[Round "1"]
[White "Wagner, Cosima Thien-An"]
[Black "Averkova, Mariia"]
[Result "1-0"]
[Termination "normal"]
[Board "2"]
[WhiteElo "1835"]
[BlackElo "1759"]
[WhiteClock "00:01:10"]
[BlackClock "00:00:59"]
[PlyCount "189"]
[WhiteFideId "34603484"]
[BlackFideId "34651470"]
[EventCountry "GER"]
[EventRounds "9"]
[EventType "swiss"]
[EventDate "2025.06.07"]

1. c4 {[%clk 01:30:59]} {[%emt 13:38:34]} c6 {[%clk 01:30:56]} {[%emt
00:00:04]} 2. g3 {[%clk 01:30:58]} {[%emt 00:00:31]} d5 {[%clk 01:31:17]}
{[%emt 00:00:09]} 3. b3 {[%clk 01:30:31]} {[%emt 00:00:57]} Bf5 {[%clk
01:28:35]} {[%emt 00:03:12]} 4. Bg2 {[%clk 01:28:41]} {[%emt 00:02:21]} e6
{[%clk 01:27:34]} {[%emt 00:01:30]} 5. Bb2 {[%clk 01:25:19]} {[%emt 00:03:52]}
Nf6 {[%clk 01:25:46]} {[%emt 00:02:17]} 6. Nf3 {[%clk 01:24:58]} {[%emt
00:00:52]} Nbd7 {[%clk 01:23:52]} {[%emt 00:02:25]} 7. O-O {[%clk 01:24:09]}
{[%emt 00:01:19]} Be7 {[%clk 01:21:30]} {[%emt 00:02:52]} 8. d3 {[%clk
01:21:39]} {[%emt 00:03:00]} O-O {[%clk 01:20:40]} {[%emt 00:01:20]} 9. Nbd2
{[%clk 01:19:26]} {[%emt 00:02:44]} Nb6 {[%clk 01:17:50]} {[%emt 00:03:19]} 10.
Qc2 {[%clk 01:17:57]} {[%emt 00:01:59]} a5 {[%clk 01:12:19]} {[%emt 00:06:01]}
11. h3 {[%clk 01:13:21]} {[%emt 00:05:05]} h6 {[%clk 01:10:14]} {[%emt
00:02:34]} 12. Ne5 {[%clk 01:02:07]} {[%emt 00:11:44]} Nfd7 {[%clk 01:04:00]}
{[%emt 00:06:43]} 13. e4 {[%clk 00:53:31]} {[%emt 00:09:07]} dxe4 {[%clk
00:59:10]} {[%emt 00:05:20]} 14. dxe4 {[%clk 00:53:02]} {[%emt 00:01:00]} Bh7
{[%clk 00:59:06]} {[%emt 00:00:33]} 15. Nxd7 {[%clk 00:44:39]} {[%emt
00:08:53]} Nxd7 {[%clk 00:58:09]} {[%emt 00:01:27]} 16. f4 {[%clk 00:43:56]}
{[%emt 00:01:13]} Bf6 {[%clk 00:53:20]} {[%emt 00:05:18]} 17. Bxf6 {[%clk
00:41:59]} {[%emt 00:02:28]} Qxf6 {[%clk 00:53:25]} {[%emt 00:00:24]} 18. Qd3
{[%clk 00:40:22]} {[%emt 00:02:06]} Rfd8 {[%clk 00:49:10]} {[%emt 00:04:45]}
19. Qe3 {[%clk 00:40:44]} {[%emt 00:00:09]} Qe7 {[%clk 00:46:17]} {[%emt
00:03:24]} 20. e5 {[%clk 00:27:08]} {[%emt 00:14:06]} Qc5 {[%clk 00:39:36]}
{[%emt 00:07:10]} 21. Kf2 {[%clk 00:21:43]} {[%emt 00:05:56]} Nxe5 {[%clk
00:35:15]} {[%emt 00:04:50]} 22. Ne4 {[%clk 00:12:56]} {[%emt 00:09:17]} Nd3+
{[%clk 00:28:04]} {[%emt 00:07:41]} 23. Ke2 {[%clk 00:12:48]} {[%emt 00:00:39]}
Qxe3+ {[%clk 00:27:35]} {[%emt 00:00:59]} 24. Kxe3 {[%clk 00:13:16]} {[%emt
00:00:02]} Nb4 {[%clk 00:27:46]} {[%emt 00:00:19]} 25. Rad1 {[%clk 00:05:54]}
{[%emt 00:07:52]} Nxa2 {[%clk 00:22:43]} {[%emt 00:05:33]} 26. Nc5 {[%clk
00:05:25]} {[%emt 00:00:59]} b6 {[%clk 00:18:03]} {[%emt 00:05:10]} 27. Nd7
{[%clk 00:04:12]} {[%emt 00:01:42]} Bc2 {[%clk 00:16:15]} {[%emt 00:02:17]} 28.
Rd4 {[%clk 00:02:28]} {[%emt 00:02:15]} Nb4 {[%clk 00:14:01]} {[%emt 00:02:44]}
29. Nxb6 {[%clk 00:01:50]} {[%emt 00:01:08]} Bxb3 {[%clk 00:12:23]} {[%emt
00:02:07]} 30. Be4 {[%clk 00:01:05]} {[%emt 00:01:15]} Rxd4 {[%clk 00:10:11]}
{[%emt 00:02:41]} 31. Kxd4 {[%clk 00:01:34]} {[%emt 00:00:02]} Rd8+ {[%clk
00:08:27]} {[%emt 00:02:14]} 32. Kc3 {[%clk 00:01:57]} {[%emt 00:00:07]} Bd1
{[%clk 00:07:26]} {[%emt 00:01:30]} 33. Rf2 {[%clk 00:00:44]} {[%emt 00:01:42]}
Kf8 {[%clk 00:05:55]} {[%emt 00:02:01]} 34. c5 {[%clk 00:00:44]} {[%emt
00:00:30]} Ke7 {[%clk 00:04:55]} {[%emt 00:01:30]} 35. Nc4 {[%emt 00:00:13]} f5
{[%clk 00:03:49]} {[%emt 00:01:34]} 36. Bb1 {[%clk 00:00:56]} {[%emt 00:00:36]}
Nd5+ {[%clk 00:04:10]} {[%emt 00:00:09]} 37. Kb2 {[%clk 00:00:43]} {[%emt
00:00:43]} a4 {[%clk 00:03:35]} {[%emt 00:01:06]} 38. Rd2 {[%clk 00:00:45]}
{[%emt 00:00:27]} Rb8+ {[%clk 00:03:27]} {[%emt 00:00:39]} 39. Ka1 {[%clk
00:00:41]} {[%emt 00:00:34]} Bb3 {[%clk 00:02:12]} {[%emt 00:01:46]} 40. Ne5
{[%clk 00:00:45]} {[%emt 00:00:26]} Rc8 {[%clk 00:01:23]} {[%emt 00:01:19]} 41.
Ba2 {[%clk 00:23:46]} {[%emt 00:07:29]} Bxa2 {[%clk 00:26:06]} {[%emt
00:05:46]} 42. Kxa2 {[%clk 00:24:13]} {[%emt 00:00:04]} Rc7 {[%clk 00:25:04]}
{[%emt 00:01:32]} 43. Ka3 {[%clk 00:22:01]} {[%emt 00:02:40]} Nc3 {[%clk
00:24:40]} {[%emt 00:00:55]} 44. Kb4 {[%clk 00:14:13]} {[%emt 00:08:19]} Ne4
{[%clk 00:22:28]} {[%emt 00:02:41]} 45. Rd3 {[%clk 00:14:15]} {[%emt 00:00:26]}
Rb7+ {[%clk 00:16:56]} {[%emt 00:06:04]} 46. Kc4 {[%clk 00:14:12]} {[%emt
00:00:32]} Rc7 {[%clk 00:14:18]} {[%emt 00:03:10]} 47. Ra3 {[%clk 00:09:47]}
{[%emt 00:04:55]} Nf6 {[%clk 00:07:42]} {[%emt 00:07:05]} 48. Rxa4 {[%clk
00:09:54]} {[%emt 00:00:24]} Nd7 {[%clk 00:05:40]} {[%emt 00:02:32]} 49. Nf3
{[%clk 00:02:51]} {[%emt 00:07:32]} Rb7 {[%clk 00:02:47]} {[%emt 00:03:23]} 50.
Nd4 {[%clk 00:02:17]} {[%emt 00:01:05]} Nb8 {[%clk 00:01:46]} {[%emt 00:01:30]}
51. Ra1 {[%clk 00:01:32]} {[%emt 00:01:14]} Kf6 {[%clk 00:00:42]} {[%emt
00:01:35]} 52. Re1 {[%clk 00:01:24]} {[%emt 00:00:38]} Re7 {[%clk 00:00:39]}
{[%emt 00:00:33]} 53. Nf3 {[%clk 00:00:40]} {[%emt 00:01:15]} Rd7 {[%clk
00:00:35]} {[%emt 00:00:34]} 54. Re3 {[%clk 00:00:37]} {[%emt 00:00:33]} Re7
{[%clk 00:00:33]} {[%emt 00:00:33]} 55. Rd3 {[%clk 00:00:40]} {[%emt 00:00:26]}
Rd7 {[%clk 00:00:38]} {[%emt 00:00:26]} 56. Rb3 {[%clk 00:00:41]} {[%emt
00:00:29]} Rd8 {[%clk 00:00:53]} {[%emt 00:00:15]} 57. Nd4 {[%clk 00:01:06]}
{[%emt 00:00:05]} e5 {[%clk 00:00:37]} {[%emt 00:00:46]} 58. fxe5+ {[%clk
00:00:46]} {[%emt 00:00:50]} Kxe5 {[%clk 00:01:06]} {[%emt 00:00:01]} 59. Re3+
{[%clk 00:01:09]} {[%emt 00:00:06]} Kf6 {[%clk 00:01:18]} {[%emt 00:00:17]} 60.
Re6+ {[%clk 00:01:36]} {[%emt 00:00:04]} Kf7 {[%clk 00:01:22]} {[%emt
00:00:26]} 61. Nxc6 {[%clk 00:00:47]} {[%emt 00:01:20]} Kxe6 {[%clk 00:01:02]}
{[%emt 00:00:49]} 62. Nxd8+ {[%clk 00:01:14]} {[%emt 00:00:03]} Kd7 {[%clk
00:00:58]} {[%emt 00:00:34]} 63. Nf7 {[%clk 00:01:42]} {[%emt 00:00:02]} Ke6
{[%clk 00:01:08]} {[%emt 00:00:19]} 64. Nd6 {[%clk 00:02:03]} {[%emt 00:00:08]}
g6 {[%clk 00:00:37]} {[%emt 00:01:02]} 65. Kb5 {[%clk 00:02:00]} {[%emt
00:00:33]} Kd7 {[%clk 00:00:43]} {[%emt 00:00:25]} 66. Nf7 {[%clk 00:02:15]}
{[%emt 00:00:14]} Nc6 {[%clk 00:00:31]} {[%emt 00:00:42]} 67. Nxh6 {[%clk
00:02:29]} {[%emt 00:00:17]} Kc7 {[%clk 00:00:41]} {[%emt 00:00:20]} 68. Nf7
{[%clk 00:02:32]} {[%emt 00:00:26]} Nd4+ {[%clk 00:00:45]} {[%emt 00:00:27]}
69. Kc4 {[%clk 00:02:54]} {[%emt 00:00:05]} Nc6 {[%clk 00:00:35]} {[%emt
00:00:42]} 70. h4 {[%clk 00:03:04]} {[%emt 00:00:19]} Ne7 {[%clk 00:00:37]}
{[%emt 00:00:29]} 71. Ne5 {[%clk 00:03:05]} {[%emt 00:00:29]} Kb7 {[%clk
00:00:31]} {[%emt 00:00:36]} 72. Kb5 {[%clk 00:02:50]} {[%emt 00:00:45]} Kc7
{[%clk 00:00:41]} {[%emt 00:00:20]} 73. Ka6 {[%clk 00:03:02]} {[%emt 00:00:18]}
Nd5 {[%clk 00:00:32]} {[%emt 00:00:39]} 74. Kb5 {[%clk 00:02:58]} {[%emt
00:00:35]} Nc3+ {[%clk 00:00:34]} {[%emt 00:00:29]} 75. Kc4 {[%clk 00:02:54]}
{[%emt 00:00:32]} Ne4 {[%clk 00:01:00]} {[%emt 00:00:04]} 76. Nxg6 {[%clk
00:02:52]} {[%emt 00:00:33]} Nxg3 {[%clk 00:01:11]} {[%emt 00:00:18]} 77. Nf4
{[%clk 00:02:51]} {[%emt 00:00:30]} Ne4 {[%clk 00:01:08]} {[%emt 00:00:34]} 78.
h5 {[%clk 00:01:59]} {[%emt 00:01:22]} Ng5 {[%clk 00:00:52]} {[%emt 00:00:45]}
79. Kd5 {[%clk 00:02:15]} {[%emt 00:00:14]} Nh7 {[%clk 00:00:34]} {[%emt
00:00:49]} 80. Ke5 {[%clk 00:01:41]} {[%emt 00:01:04]} Kc6 {[%clk 00:00:34]}
{[%emt 00:00:30]} 81. Nd3 {[%clk 00:01:42]} {[%emt 00:00:28]} f4 {[%clk
00:00:35]} {[%emt 00:00:30]} 82. Kxf4 {[%clk 00:02:02]} {[%emt 00:00:11]} Kd5
{[%clk 00:00:37]} {[%emt 00:00:28]} 83. h6 {[%clk 00:00:48]} {[%emt 00:01:44]}
Ke6 {[%clk 00:00:34]} {[%emt 00:00:32]} 84. Ne5 {[%clk 00:00:39]} {[%emt
00:00:39]} Nf8 {[%clk 00:00:34]} {[%emt 00:00:30]} 85. c6 {[%clk 00:00:53]}
{[%emt 00:00:16]} Kd6 {[%clk 00:00:53]} {[%emt 00:00:12]} 86. Kf5 {[%clk
00:00:53]} {[%emt 00:00:31]} Nh7 {[%clk 00:00:50]} {[%emt 00:00:32]} 87. Kg6
{[%clk 00:00:48]} {[%emt 00:00:34]} Nf8 {[%clk 00:01:05]} {[%emt 00:00:14]} 88.
Kg7 {[%clk 00:00:41]} {[%emt 00:00:36]} Ne6+ {[%clk 00:00:56]} {[%emt
00:00:42]} 89. Kf6 {[%clk 00:01:06]} {[%emt 00:00:04]} Nf8 {[%clk 00:01:04]}
{[%emt 00:00:23]} 90. Ng6 {[%clk 00:00:53]} {[%emt 00:00:43]} Nh7 {[%clk
00:01:05]} {[%emt 00:00:30]} 91. Kg7 {[%clk 00:00:39]} {[%emt 00:00:44]} Ng5
{[%clk 00:01:22]} {[%emt 00:00:12]} 92. Nh8 {[%clk 00:00:38]} {[%emt 00:00:31]}
Kxc6 {[%clk 00:01:12]} {[%emt 00:00:40]} 93. Nf7 {[%clk 00:00:42]} {[%emt
00:00:26]} Ne6+ {[%clk 00:01:27]} {[%emt 00:00:14]} 94. Kg8 {[%clk 00:00:56]}
{[%emt 00:00:16]} Nf4 {[%clk 00:00:59]} {[%emt 00:00:58]} 95. h7 {[%clk
00:01:10]} {[%emt 00:00:15]} 1-0

[Event "DEM U14w 2025"]
[Site "Willingen GER"]
[Date "2025.06.08"]
[Round "1"]
[White "Bakó, Isabella"]
[Black "Komar, Valerie"]
[Result "0-1"]
[Termination "normal"]
[Board "3"]
[WhiteElo "1654"]
[BlackElo "1765"]
[WhiteClock "00:01:52"]
[BlackClock "00:04:22"]
[PlyCount "72"]
[WhiteFideId "16287266"]
[BlackFideId "34139664"]
[EventCountry "GER"]
[EventRounds "9"]
[EventType "swiss"]
[EventDate "2025.06.07"]

1. e4 {[%clk 01:30:58]} {[%emt 00:00:02]} e5 {[%clk 01:30:56]} {[%emt
00:00:05]} 2. Nf3 {[%clk 01:31:21]} {[%emt 00:00:07]} Nf6 {[%clk 01:31:23]}
{[%emt 00:00:03]} 3. Nxe5 {[%clk 01:31:43]} {[%emt 00:00:08]} d6 {[%clk
01:31:51]} {[%emt 00:00:02]} 4. Nf3 {[%clk 01:32:03]} {[%emt 00:00:10]} Nxe4
{[%clk 01:32:18]} {[%emt 00:00:03]} 5. Nc3 {[%clk 01:32:04]} {[%emt 00:00:29]}
Nf6 {[%clk 01:32:40]} {[%emt 00:00:08]} 6. d4 {[%clk 01:32:16]} {[%emt
00:00:18]} Be7 {[%clk 01:33:07]} {[%emt 00:00:03]} 7. Bd3 {[%clk 01:31:36]}
{[%emt 00:01:10]} O-O {[%clk 01:33:06]} {[%emt 00:00:30]} 8. h3 {[%clk
01:30:30]} {[%emt 00:01:36]} Re8 {[%clk 01:32:59]} {[%emt 00:00:37]} 9. O-O
{[%clk 01:28:47]} {[%emt 00:02:13]} Nbd7 {[%clk 01:33:07]} {[%emt 00:00:23]}
10. Re1 {[%clk 01:19:52]} {[%emt 00:09:25]} Nf8 {[%clk 01:33:14]} {[%emt
00:00:23]} 11. Bg5 {[%clk 01:12:12]} {[%emt 00:08:10]} Ng6 {[%clk 01:30:53]}
{[%emt 00:02:51]} 12. Ne4 {[%clk 00:47:44]} {[%emt 00:24:58]} Be6 {[%clk
01:24:45]} {[%emt 00:06:37]} 13. Bd2 {[%clk 00:40:37]} {[%emt 00:07:38]} Rb8
{[%clk 01:11:26]} {[%emt 00:13:49]} 14. Nfg5 {[%clk 00:34:12]} {[%emt
00:06:54]} Nf8 {[%clk 00:53:21]} {[%emt 00:18:35]} 15. Nxe6 {[%clk 00:32:36]}
{[%emt 00:02:07]} Nxe6 {[%clk 00:53:25]} {[%emt 00:00:26]} 16. Nxf6+ {[%clk
00:31:42]} {[%emt 00:01:24]} Bxf6 {[%clk 00:53:42]} {[%emt 00:00:13]} 17. c3
{[%clk 00:31:17]} {[%emt 00:00:56]} Bg5 {[%clk 00:44:08]} {[%emt 00:10:04]} 18.
d5 {[%clk 00:27:46]} {[%emt 00:04:00]} Nf4 {[%clk 00:31:32]} {[%emt 00:13:06]}
19. Rxe8+ {[%clk 00:23:42]} {[%emt 00:04:34]} Qxe8 {[%clk 00:32:00]} {[%emt
00:00:03]} 20. Bxf4 {[%clk 00:21:35]} {[%emt 00:02:36]} Bxf4 {[%clk 00:32:23]}
{[%emt 00:00:07]} 21. Qh5 {[%clk 00:20:10]} {[%emt 00:01:56]} g6 {[%clk
00:17:37]} {[%emt 00:15:16]} 22. Qh4 {[%clk 00:18:16]} {[%emt 00:02:23]} Qe5
{[%clk 00:15:58]} {[%emt 00:02:08]} 23. Rd1 {[%clk 00:10:28]} {[%emt 00:08:20]}
Re8 {[%clk 00:12:53]} {[%emt 00:03:35]} 24. g3 {[%clk 00:06:52]} {[%emt
00:04:06]} Bg5 {[%clk 00:10:40]} {[%emt 00:02:43]} 25. Qa4 {[%clk 00:06:47]}
{[%emt 00:00:36]} a6 {[%clk 00:05:06]} {[%emt 00:06:04]} 26. Kf1 {[%clk
00:04:58]} {[%emt 00:02:18]} Bf6 {[%clk 00:03:57]} {[%emt 00:01:39]} 27. Qb3
{[%clk 00:03:30]} {[%emt 00:01:58]} b5 {[%clk 00:03:20]} {[%emt 00:01:07]} 28.
a3 {[%clk 00:02:56]} {[%emt 00:01:05]} h5 {[%clk 00:02:32]} {[%emt 00:01:17]}
29. Qa2 {[%clk 00:02:22]} {[%emt 00:01:04]} h4 {[%clk 00:02:24]} {[%emt
00:00:39]} 30. f4 {[%clk 00:01:07]} {[%emt 00:01:46]} Qe3 {[%clk 00:02:07]}
{[%emt 00:00:47]} 31. b4 {[%clk 00:01:03]} {[%emt 00:00:34]} Qf3+ {[%clk
00:02:08]} {[%emt 00:00:29]} 32. Qf2 {[%clk 00:01:05]} {[%emt 00:00:28]} Qxd1+
{[%clk 00:02:34]} {[%emt 00:00:03]} 33. Kg2 {[%clk 00:01:16]} {[%emt 00:00:19]}
Qxd3 {[%clk 00:02:58]} {[%emt 00:00:06]} 34. Qa7 {[%clk 00:01:12]} {[%emt
00:00:34]} Re2+ {[%clk 00:03:25]} {[%emt 00:00:02]} 35. Kh1 {[%clk 00:01:29]}
{[%emt 00:00:13]} Qd1+ {[%clk 00:03:53]} {[%emt 00:00:02]} 36. Qg1 {[%clk
00:01:52]} {[%emt 00:00:07]} Re1 {[%clk 00:04:22]} {[%emt 00:00:01]} 0-1

[Event "DEM U14w 2025"]
[Site "Willingen GER"]
[Date "2025.06.08"]
[Round "1"]
[White "Jordan, Christina"]
[Black "Briese, Sophie"]
[Result "1-0"]
[Termination "normal"]
[Board "4"]
[WhiteElo "1815"]
[BlackElo "1499"]
[WhiteClock "00:20:22"]
[BlackClock "00:30:32"]
[PlyCount "63"]
[WhiteFideId "1347977"]
[BlackFideId "34660305"]
[EventCountry "GER"]
[EventRounds "9"]
[EventType "swiss"]
[EventDate "2025.06.07"]

1. e4 {[%clk 01:30:58]} {[%emt 00:00:01]} c5 {[%clk 01:30:48]} {[%emt
00:00:12]} 2. Nf3 {[%clk 01:31:21]} {[%emt 00:00:07]} e6 {[%clk 01:31:01]}
{[%emt 00:00:17]} 3. d4 {[%clk 01:31:47]} {[%emt 00:00:04]} cxd4 {[%clk
01:31:25]} {[%emt 00:00:06]} 4. Nxd4 {[%clk 01:32:14]} {[%emt 00:00:04]} a6
{[%clk 01:31:10]} {[%emt 00:00:45]} 5. a3 {[%clk 01:32:38]} {[%emt 00:00:06]}
Qc7 {[%clk 01:29:06]} {[%emt 00:02:34]} 6. Nc3 {[%clk 01:32:23]} {[%emt
00:00:44]} Nf6 {[%clk 01:28:23]} {[%emt 00:01:13]} 7. Be3 {[%clk 01:31:39]}
{[%emt 00:01:15]} b5 {[%clk 01:26:27]} {[%emt 00:02:25]} 8. f3 {[%clk
01:26:43]} {[%emt 00:05:26]} Bb7 {[%clk 01:24:15]} {[%emt 00:02:42]} 9. Be2
{[%clk 01:23:42]} {[%emt 00:03:31]} Nc6 {[%clk 01:20:23]} {[%emt 00:04:22]} 10.
Nb3 {[%clk 01:12:22]} {[%emt 00:11:50]} d6 {[%clk 01:17:01]} {[%emt 00:03:52]}
11. Qd2 {[%clk 01:08:46]} {[%emt 00:04:06]} Be7 {[%clk 01:15:45]} {[%emt
00:01:45]} 12. g4 {[%clk 01:01:14]} {[%emt 00:08:02]} Rc8 {[%clk 01:13:31]}
{[%emt 00:02:44]} 13. h4 {[%clk 00:43:14]} {[%emt 00:18:31]} Ne5 {[%clk
01:02:23]} {[%emt 00:11:38]} 14. g5 {[%clk 00:38:18]} {[%emt 00:05:26]} Nfd7
{[%clk 00:59:53]} {[%emt 00:03:00]} 15. Rf1 {[%clk 00:30:48]} {[%emt 00:07:59]}
Nc4 {[%clk 00:57:44]} {[%emt 00:02:39]} 16. Bxc4 {[%clk 00:31:11]} {[%emt
00:00:07]} bxc4 {[%clk 00:55:06]} {[%emt 00:03:08]} 17. Nd4 {[%clk 00:31:29]}
{[%emt 00:00:13]} Nb6 {[%clk 00:53:01]} {[%emt 00:02:35]} 18. Qf2 {[%clk
00:31:11]} {[%emt 00:00:47]} Bd8 {[%clk 00:51:18]} {[%emt 00:02:13]} 19. f4
{[%clk 00:29:53]} {[%emt 00:01:48]} d5 {[%clk 00:47:10]} {[%emt 00:04:38]} 20.
e5 {[%clk 00:26:40]} {[%emt 00:03:43]} h6 {[%clk 00:45:01]} {[%emt 00:02:38]}
21. f5 {[%clk 00:22:32]} {[%emt 00:04:39]} Qxe5 {[%clk 00:41:07]} {[%emt
00:04:23]} 22. fxe6 {[%clk 00:22:56]} {[%emt 00:00:07]} f6 {[%clk 00:39:35]}
{[%emt 00:02:02]} 23. O-O-O {[%clk 00:20:52]} {[%emt 00:02:33]} Qd6 {[%clk
00:34:33]} {[%emt 00:05:27]} 24. Nf5 {[%clk 00:21:04]} {[%emt 00:00:24]} Qc7
{[%clk 00:33:57]} {[%emt 00:01:05]} 25. Bf4 {[%clk 00:19:24]} {[%emt 00:02:11]}
Qc6 {[%clk 00:33:34]} {[%emt 00:00:53]} 26. Nd6+ {[%clk 00:19:43]} {[%emt
00:00:10]} Ke7 {[%clk 00:33:27]} {[%emt 00:00:37]} 27. Nxc8+ {[%clk 00:19:49]}
{[%emt 00:00:25]} Bxc8 {[%clk 00:33:18]} {[%emt 00:00:38]} 28. gxf6+ {[%clk
00:20:11]} {[%emt 00:00:08]} gxf6 {[%clk 00:33:09]} {[%emt 00:00:39]} 29. Be3
{[%clk 00:20:34]} {[%emt 00:00:07]} Ke8 {[%clk 00:30:51]} {[%emt 00:02:49]} 30.
Bxb6 {[%clk 00:20:21]} {[%emt 00:00:43]} Qxb6 {[%clk 00:30:55]} {[%emt
00:00:25]} 31. Qf3 {[%clk 00:20:11]} {[%emt 00:00:39]} Bxe6 {[%clk 00:30:32]}
{[%emt 00:00:54]} 32. Nxd5 {[%clk 00:20:22]} {[%emt 00:00:19]} 1-0